Besondere Räume für den Religionsunterricht

Saved in:  
Bibliographic Details
Subtitles:Beispiele aus der Praxis - Projektarbeit im Religionsunterricht
Format: Print Article
Language:German
Check availability: HBZ Gateway
Interlibrary Loan:Interlibrary Loan for the Fachinformationsdienste (Specialized Information Services in Germany)
Published: 2018
In: Engagiert für Religion
Year: 2018, Pages: 130-135

MARC

LEADER 00000caa a22000002c 4500
001 173653260X
003 DE-627
005 20201026100810.0
007 tu
008 201024s2018 xx ||||| 00| ||ger c
035 |a (DE-627)173653260X 
035 |a (DE-599)KXP173653260X 
040 |a DE-627  |b ger  |c DE-627  |e rda 
041 |a ger 
084 |a 0  |2 ssgn 
245 0 0 |a Besondere Räume für den Religionsunterricht 
246 1 |i Kopftitel  |a Beispiele aus der Praxis - Projektarbeit im Religionsunterricht 
264 1 |c 2018 
336 |a Text  |b txt  |2 rdacontent 
337 |a ohne Hilfsmittel zu benutzen  |b n  |2 rdamedia 
338 |a Band  |b nc  |2 rdacarrier 
601 |a Religionsunterricht 
773 0 8 |i Enthalten in  |t Engagiert für Religion  |d Hannover : Konföderation Evangelischer Kirchen in Niedersachsen, 2018  |g (2018), Seite 130-135  |h 139 Seiten  |w (DE-627)1028797885  |7 nnam 
773 1 8 |g year:2018  |g pages:130-135 
935 |a mteo 
951 |a AR 
ELC |b 1 
LOK |0 000 xxxxxcx a22 zn 4500 
LOK |0 001 3785538480 
LOK |0 003 DE-627 
LOK |0 004 173653260X 
LOK |0 005 20201024044959 
LOK |0 008 201024||||||||||||||||ger||||||| 
LOK |0 035   |a (DE-Tue135)1028797885_2018_130 
LOK |0 040   |a DE-Tue135  |c DE-627  |d DE-Tue135 
LOK |0 092   |o n 
LOK |0 852   |a DE-Tue135 
LOK |0 852 1  |9 00 
LOK |0 935   |a imwa  |a ixau  |a rwrk 
LOK |0 939   |a 24-10-20  |b l01 
ORI |a SA-MARC-ixtheoa001.raw 
REL |a 1 
SUB |a REL